书目信息 |
| 题名: |
无机化学实验
|
|
| 作者: | ;上海化工学院无机化学教研组 编 | |
| 分册: | ||
| 出版信息: | 北京 人民教育出版社 1979 |
|
| 页数: | 121页 | |
| 开本: | 26cm | |
| 丛书名: | ||
| 单 册: | ||
| 中图分类: | O61-33 , O61 | |
| 科图分类: | ||
| 主题词: | 无机化学--化学实验--高等学校--教材 | |
| 电子资源: | ||
| ISBN: | ||
| 000 | 00714nam0 2200241 450 | |
| 001 | 1550646642 | |
| 005 | 20150131140431.21 | |
| 010 | @dCNY0.62 | |
| 091 | @a13012.0278 | |
| 100 | @a20021005d1979 em y0chiy0110 ea | |
| 101 | 0 | @achi |
| 102 | @aCN@b110000 | |
| 105 | @ay z 000yy | |
| 200 | 1 | @a无机化学实验@9wu ji hua xue shi yan@f上海化工学院无机化学教研组编 |
| 210 | @a北京@c人民教育出版社@d1979 | |
| 215 | @a121页@d26cm | |
| 300 | @a高等学校试用教材 | |
| 606 | 0 | @a无机化学@x化学实验@x高等学校@x教材 |
| 690 | @aO61-33@v5 | |
| 690 | @aO61@v4 | |
| 711 | 02 | @a上海化工学院无机化学教研组@9shang hai hua gong xue yuan wu ji hua xue jiao yan zu@4编 |
| 801 | 0 | @aCN@bTSSF@c20150131 |
| 905 | @aZUCC@dO61@eJY8 | |
| 无机化学实验/上海化工学院无机化学教研组编.-北京:人民教育出版社,1979 |
| 121页;26cm |
| 高等学校试用教材 |
| ISBN :CNY0.62 |
| ● |
| 相关链接 |
|
|
|
|
正题名:无机化学实验
索取号:O61/JY8
 
预约/预借
| 序号 | 登录号 | 条形码 | 馆藏地/架位号 | 状态 | 备注 |
| 1 | 7862479 | 278624794 | 学院路分馆/ [索取号:O61/JY8] | 在馆 |